| 000 | 00721cam a22002171 4500 | ||
|---|---|---|---|
| 001 | ca 17001461 | ||
| 003 | DLC | ||
| 005 | 20260227111103.0 | ||
| 008 | 810325q18501859fr ef 000 0 fre | ||
| 010 | _aca 17001461 | ||
| 035 | _a(OCoLC)7260361 | ||
| 040 |
_aDLC _cIaAS _dDLC |
||
| 042 | _apremarc | ||
| 050 | 0 | 0 |
_aNA5551.B8 _bD8 |
| 100 | 1 | _aDupasquier, Louis. | |
| 245 | 1 | 0 |
_aMonographie de Notre-Dame de Brou, _cpar Louis Dupasquier. |
| 260 |
_aParis, _bV. Didron; [etc., etc., _c185-?] |
||
| 300 |
_a3 p. l., 30 (i.e. 31) pl. (part col., part double, incl. plans) _c42 cm. |
||
| 500 | _aImperfect: "Texte historique et descriptif par [Adolphe Napoléon] Didron," wanting. | ||
| 610 | 2 | 0 | _aNotre-Dame de Brou (Church) |
| 999 |
_c15087 _d15087 |
||